Datum a čas kvízu
38
Celkem bodů
Celkový počet nahraných bodů na tomto kvízu bez doplňovacích otázek.
4.
Pořadí na kvízu
Konečné umístění týmu na tomto kvízu.
Zaznamenané odpovědi
| # | Otázka | Odpověď | Body | Výsledky |
|---|---|---|---|---|
| 1. | Známý reportér, který spolu s... | Janek Rubeš, Kluci z Prahy | 1 | |
| 2. | Ve středu byl slavnostně inaug... | Karol Nawrocki | 0 | |
| 3. | Bývalý člen jedné britské chla... | Harry Styles | 0 | |
| 4. | Minulý týden byl vypuštěn do s... | Mafia; Domovina (The Old Country) | 1 | |
| 5. | Minulý týden kolovalo sociální... | Nizozemci | 0 | |
| 6. | Zobrazená ryba pocházející z A... | mečovka | 0 | |
| 7. | Řadě doma chovaných zvířat se... | sépie (sépiová kost) | 1 | |
| 8. | Pokud máte psa s průkazem půvo... | bonitace | 1 | |
| 9. | Do hraček a dalšího příslušens... | šanta | 1 | |
| 10. | V poslední otázce přejdeme od... | podkladek | 1 |